| 000 | 00805cam a2200229 a 4500 | ||
|---|---|---|---|
| 001 | 000008465 | ||
| 005 | 20200929161339.0 | ||
| 008 | 810220s1980 nq f000 0 spa | ||
| 040 |
_aDO-SdBNP _bspa _cLC _dBNPHU |
||
| 082 |
_aN861.44 _bP745 |
||
| 245 | 0 | 0 |
_aPoesía atlántica / _cintroducción Lizandro Chavez Alfaro ; selección Julio Valle Castillo. |
| 260 |
_aManagua : _bMinisterio de Cultura, _c1980. |
||
| 300 |
_a102 p. ; _c21 cm. |
||
| 490 | 1 |
_aPopular de Literatura Nicaragüense _v1 |
|
| 650 | 4 |
_aPoesía nicaraguense _98179 |
|
| 650 | 4 |
_aLiteratura nicaraguense _98180 |
|
| 700 | 1 |
_aChavez Alfaro, Lizandro, _eintrod. _922769 |
|
| 700 | 1 |
_aValle Castillo, Julio. _922770 |
|
| 830 | 0 |
_aPopular de Literatura Nicaragüense ; _v1 _922771 |
|
| 910 | _aCatalogación por copia / LC | ||
| 049 | _aBNGR | ||
| 999 |
_c8236 _d8236 |
||